000
00309nam a22001337a 4500
082
_a
894.812
_b
KAI/H
100
_a
CHEIRO
245
_a
HASTHAREKHASHASTRAMSECOND EDITION
250
_a
SECOND EDITION
260
_a
ALUVA
_b
PEN BOOKS
_c
2002
300
_a
184
650
_a
ASTROLOGICAL NOTES
_z
KERALA
942
_c
BK
999
_c
1172
_d
1172